000 01348cad a22002895a 4500
001 L146799
008 110812e20090219xxk f 000 0 eng d
020 _a9781842061534
035 _a(Sirsi) u146799
041 0 _aeng
100 1 _aCaplan, Andrew
245 0 0 _aRace discrimination in the construction industry
_ba thematic review
_h[electronic resource]
260 _c2009
490 _aEHRC Research report
_v(23)
520 _aReviews the literature on racial discrimination and racial equality in the construction industry in Great Britain. It was prepared to inform the Equality and Human Rights Commission's Inquiry on Race Discrimination in the Construction Industry. Covers all aspects of the construction industry workforce, focusing on non-white ethnic minority workers.
590 _aKA
650 2 4 _aHUMAN RIGHTS ACT 1998
651 4 _aUnited Kingdom
_y
690 _aMANAGEMENT-BUSINESS MANAGEMENT-DISCRIMINATION-RACE DISCRIMINATION
700 1 _aAujla, Amir
700 1 _aProsser, Shelagh
700 1 _aJackson, June
710 _aEquality Research and Consulting Ltd
_95971
710 _aEquality and Human Rights Commission
_95366
856 4 0 _uhttps://www.equalityhumanrights.com/uploaded_files/download_race_inquiry_thematic_review.pdf
_zView the item free of charge at www.equalityhumanrights.com
942 _n0
999 _c81293
_d81293